[Event "Mallorca-ch D1"]
[Site "Palma de Mallorca"]
[Date "2000.11.25"]
[Round "6"]
[White "Prohens, Jaime"]
[Black "Figuerola Campins, Antonio"]
[Result "1-0"]
[WhiteElo "1942"]
[BlackElo "2003"]
[PlyCount "51"]
[EventDate "2000.??.??"]
[EventType "swiss"]
[EventRounds "8"]
[EventCountry "ESP"]
[SourceTitle "EXT 2003"]
[Source "ChessBase"]
[SourceDate "2002.11.25"]
[SourceVersion "1"]
[SourceVersionDate "2002.11.25"]
[SourceQuality "1"]

1. e4 c5 2. Nf3 Nc6 3. d4 cxd4 4. Nxd4 g6 5. Nc3 Bg7 6. Be3 Nf6 7. f3 0-0 8. Qd2 d5 9. Nxc6 bxc6 10. e5 Nd7 11. f4 Qa5 12. Be2 Ba6 13. 0-0 Bxe2 14. Nxe2 Qb5 15. Nd4 Qb7 16. Nb3 Rfc8 17. Nc5 Nxc5 18. Bxc5 Bf8 19. f5 Qxb2 20. Bd4 Qb7 21. fxg6 hxg6 22. Rxf7 Kxf7 23. Qf4+ Ke8 24. e6 Qb8 25. Qf7+ Kd8 26. Qxf8+ 1-0

[Event "Mallorca-ch D1"]
[Site "Palma de Mallorca"]
[Date "2000.10.21"]
[Round "1"]
[White "Prohens, Jaime"]
[Black "Sanchez Marin, Justo"]
[Result "0-1"]
[WhiteElo "1942"]
[BlackElo "2015"]
[PlyCount "88"]
[EventDate "2000.??.??"]
[EventType "swiss"]
[EventRounds "8"]
[EventCountry "ESP"]
[SourceTitle "EXT 2003"]
[Source "ChessBase"]
[SourceDate "2002.11.25"]
[SourceVersion "1"]
[SourceVersionDate "2002.11.25"]
[SourceQuality "1"]

1. e4 c5 2. Nf3 d6 3. d4 cxd4 4. Nxd4 Nf6 5. Nc3 a6 6. Bc4 e6 7. 0-0 b5 8. Bb3 Bb7 9. f3 Be7 10. Be3 0-0 11. Bxe6 fxe6 12. Nxe6 Qd7 13. Nxf8 Bxf8 14. Qd2 Nc6 15. Rad1 Rc8 16. f4 b4 17. Ne2 Qe6 18. Ng3 Nxe4 19. Nxe4 Qxe4 20. Qf2 Ne7 21. Rc1 Nf5 22. Rfe1 Be7 23. Bd2 Bh4 24. Rxe4 Bxf2+ 25. Kxf2 Bxe4 26. Bxb4 Rxc2+ 27. Rxc2 Bxc2 28. g4 Nh6 29. h3 Nf7 30. Ke3 Kf8 31. h4 g6 32. Kd4 Ke7 33. Kd5 Kd7 34. Bc3 Bd1 35. g5 Bf3+ 36. Kc4 Kc6 37. Kd3 Nd8 38. Ke3 Bd5 39. a3 Ne6 40. b4 Bb3 41. Bf6 Bc2 42. Kd2 Bf5 43. Ke3 Kd5 44. Be7 Nd4 0-1